Október múzeumi és műemléki hónap : Hagyományos programok, újszerű kezdeményezések

Elmentve itt :
Bibliográfiai részletek
Dokumentumtípus: Cikk
Megjelent: 1979-09-25
Sorozat:Délmagyarország 69 No. 224
Kulcsszavak:múzeumok
Online Access:http://dmarchiv.bibl.u-szeged.hu/116200
LEADER 00462nab a2200145 i 4500
001 delm116200
005 20190522092728.0
008 190522s1979 hu o 0|| hun d
040 |a SZTE Délmagyarország Archívum  |b hun 
041 |a hun 
245 0 0 |a Október  |h [elektronikus dokumentum] :  |b múzeumi és műemléki hónap : Hagyományos programok, újszerű kezdeményezések 
260 |c 1979-09-25 
300 |a 4 
490 0 |a Délmagyarország  |v 69 No. 224 
695 |a múzeumok